Insecticide microbiology

Αποθηκεύτηκε σε:
Λεπτομέρειες βιβλιογραφικής εγγραφής
Άλλοι συγγραφείς: Rup Lal 1957- (Επιμελητής έκδοσης)
Μορφή: Βιβλίο
Γλώσσα:English
Δημοσίευση: Berlin : Springer-Verlag, 1984
Θέματα:
Ετικέτες: Προσθήκη ετικέτας
Δεν υπάρχουν, Καταχωρήστε ετικέτα πρώτοι!

MARC

LEADER 00000nam a2200000 i 4500
001 1/65955
008 931015s eng d
020 |a 0-387-13662-2 
035 |a ΛΕΣΒΟΣb10001644  |l 10001644 
040 |a GR-MY-UA  |b gre  |e aacr 
041 0 |a eng 
082 0 |a 575 
245 1 0 |a Insecticide microbiology /  |c Edited by Rup Lal 
260 |a Berlin :   |b Springer-Verlag,   |c 1984 
300 |a 268 p.;  |c 25 cm. 
504 |a Includes bibliographical references and index 
650 0 0 |a Insecticides  |x Environmental aspects. 
650 0 0 |a Microbial ecology. 
700 1 |a Rup Lal  |d 1957-  |4 edt 
852 |a INST  |b LESVOS  |e 19931015  |h 575 INS  |p 005100005593  |q 005100005593  |t BK  |y 0 
909 |a Λ  |b 025496